|
|
|
|
| LEADER |
02899nam a2200685 a 4500 |
| 001 |
nkc20071727075 |
| 003 |
CZ PrNK |
| 005 |
20250909101312.0 |
| 007 |
ta |
| 008 |
070710s2007 xr h f 000 0 cze |
| 015 |
|
|
|a cnb001727075
|
| 020 |
|
|
|a 978-80-7194-948-0
|q (brož.)
|
| 035 |
|
|
|a (OCoLC)228497533
|
| 040 |
|
|
|a BOA001
|b cze
|d ABA001
|
| 041 |
0 |
|
|a cze
|b eng
|
| 043 |
|
|
|a e-xr---
|
| 045 |
|
|
|a w-x-
|
| 072 |
|
7 |
|a 316.4/.7
|x Sociální interakce. Sociální komunikace
|2 Konspekt
|9 18
|
| 080 |
|
|
|a 323.12(=411.16)
|2 MRF
|
| 080 |
|
|
|a 316.344.8(=411.16)
|2 MRF
|
| 080 |
|
|
|a 316.647.8
|2 MRF
|
| 080 |
|
|
|a 26-726.6-67:27-726.6
|2 MRF
|
| 080 |
|
|
|a 323.12
|2 MRF
|
| 080 |
|
|
|a 2-67
|2 MRF
|
| 080 |
|
|
|a 323.1
|2 MRF
|
| 080 |
|
|
|a (437.3)
|2 MRF
|
| 080 |
|
|
|a (062.534)
|2 MRF
|
| 245 |
0 |
0 |
|a Protižidovské stereotypy a křesťanská společnost na přelomu 19. a 20. století /
|c Zbyněk Vydra (ed.)
|
| 250 |
|
|
|a Vyd. 1.
|
| 260 |
|
|
|a Pardubice :
|b Univerzita Pardubice,
|c 2007
|
| 300 |
|
|
|a 145 s. :
|b faksim. ;
|c 24 cm
|
| 500 |
|
|
|a Na obálce nad názvem: Univerzita Pardubice, Fakulta filozofická
|
| 500 |
|
|
|a 100 výt.
|
| 504 |
|
|
|a Obsahuje bibliografické odkazy
|
| 546 |
|
|
|a Anglická resumé
|
| 648 |
|
7 |
|a 19.-20. století
|7 ch757015
|2 czenas
|
| 650 |
0 |
7 |
|a antisemitismus
|7 ph118516
|z Česko
|y 19.-20. století
|2 czenas
|
| 650 |
0 |
7 |
|a židovství
|7 ph128010
|z Česko
|y 19.-20. století
|2 czenas
|
| 650 |
0 |
7 |
|a stereotypy
|7 ph126102
|z Česko
|y 19.-20. století
|2 czenas
|
| 650 |
0 |
7 |
|a Židé a křesťané
|7 ph127783
|z Česko
|y 19.-20. století
|2 czenas
|
| 650 |
0 |
7 |
|a rasová diskriminace
|7 ph116019
|z Česko
|y 19.-20. století
|2 czenas
|
| 650 |
0 |
7 |
|a náboženství a společnost
|7 ph138511
|z Česko
|y 19.-20. století
|2 czenas
|
| 650 |
0 |
9 |
|a antisemitism
|z Czechia
|y 19th-20th centuries
|2 eczenas
|
| 650 |
0 |
9 |
|a Jewry
|z Czechia
|y 19th-20th centuries
|2 eczenas
|
| 650 |
0 |
9 |
|a stereotypes
|z Czechia
|y 19th-20th centuries
|2 eczenas
|
| 650 |
0 |
9 |
|a Jews and Christians
|z Czechia
|y 19th-20th centuries
|2 eczenas
|
| 650 |
0 |
9 |
|a racial discrimination
|z Czechia
|y 19th-20th centuries
|2 eczenas
|
| 650 |
0 |
9 |
|a religion and society
|z Czechia
|y 19th-20th centuries
|2 eczenas
|
| 651 |
|
7 |
|a Česko
|7 ge128065
|x národnostní poměry
|y 19.-20. století
|2 czenas
|
| 651 |
|
9 |
|a Czechia
|x nationalities relations
|y 19th-20th centuries
|2 eczenas
|
| 655 |
|
7 |
|a sborníky konferencí
|7 fd133333
|2 czenas
|
| 655 |
|
9 |
|a proceedings of conferences
|2 eczenas
|
| 700 |
1 |
|
|a Vydra, Zbyněk,
|d 1978-
|7 xx0041850
|4 edt
|
| 710 |
2 |
|
|a Univerzita Pardubice.
|b Filozofická fakulta
|7 ko2006325566
|
| 856 |
4 |
1 |
|u http://www.digitalniknihovna.cz/mzk/uuid/uuid:205233e0-f7a7-11ec-b3e4-5ef3fc9bb22f
|y Digitalizovaný dokument
|x NDK
|
| 910 |
|
|
|a BOA001
|b 2-1194.873
|b KPB-0000.709
|
| 990 |
|
|
|a BK
|
| 995 |
|
|
|a 01
|
| 991 |
|
|
|b 200712
|c NOV
|
| 996 |
6 |
|
|b 2610326297
|c 2-1194.873
|l MZK
|r Sklad / do 1 hodiny
|n 18
|p p.v.
|w 000875521
|u 000010
|a 1
|e BOA001
|j MZK50
|s P
|